Fragmentos de Nuevo mundo y conquista / (Registro nro. 274389)

Detalles MARC
000 -LEADER
fixed length control field 02126nam a2200469Ii 4500
001 - CONTROL NUMBER
control field DIGIBE1058
003 - CONTROL NUMBER IDENTIFIER
control field NyNyDIG
006 - FIXED-LENGTH DATA ELEMENTS--ADDITIONAL MATERIAL CHARACTERISTICS
fixed length control field m o d
007 - PHYSICAL DESCRIPTION FIXED FIELD--GENERAL INFORMATION
fixed length control field cr |||||||||||
008 - FIXED-LENGTH DATA ELEMENTS--GENERAL INFORMATION
fixed length control field 230309s2022 sp ob 000 0 spa d
035 ## - SYSTEM CONTROL NUMBER
System control number (OCoLC)1333084029
040 ## - CATALOGING SOURCE
Original cataloging agency DGITA
Language of cataloging eng
Description conventions rda
-- pn
Transcribing agency DGITA
020 ## - INTERNATIONAL STANDARD BOOK NUMBER
International Standard Book Number 9783968692395
Qualifying information e-Book
020 ## - INTERNATIONAL STANDARD BOOK NUMBER
Canceled/invalid ISBN 9788491922452
Qualifying information Iberoamericana
020 ## - INTERNATIONAL STANDARD BOOK NUMBER
Canceled/invalid ISBN 9783968692388
Qualifying information Vervuert
020 ## - INTERNATIONAL STANDARD BOOK NUMBER
Canceled/invalid ISBN 9786073056397
Qualifying information UNAM
043 ## - GEOGRAPHIC AREA CODE
Geographic area code e-sp---
-- n-mx---
050 14 - LIBRARY OF CONGRESS CALL NUMBER
Classification number PQ6088 ebook
100 1# - MAIN ENTRY--PERSONAL NAME
Personal name Terrazas, Francisco de, -approximately 1604,
Relator term author.
245 10 - TITLE STATEMENT
Title Fragmentos de Nuevo mundo y conquista /
Statement of responsibility, etc. Francisco de Terrazas ; edición crítica, introducción y notas de Antonio Río Torres-Murciano.
264 #1 - PRODUCTION, PUBLICATION, DISTRIBUTION, MANUFACTURE, AND COPYRIGHT NOTICE
Place of production, publication, distribution, manufacture Madrid :
Name of producer, publisher, distributor, manufacturer Iberoamericana ;
Place of production, publication, distribution, manufacture Frankfurt am Main :
Name of producer, publisher, distributor, manufacturer Vervuert ;
Place of production, publication, distribution, manufacture Ciudad de México :
Name of producer, publisher, distributor, manufacturer UNAM,
Date of production, publication, distribution, manufacture, or copyright notice 2022.
300 ## - PHYSICAL DESCRIPTION
Extent 1 online resource.
336 ## - CONTENT TYPE
Content type term text
Content type code txt
Source rdacontent
337 ## - MEDIA TYPE
Media type term computer
Media type code c
Source rdamedia
338 ## - CARRIER TYPE
Carrier type term online resource
Carrier type code cr
Source rdacarrier
347 ## - DIGITAL FILE CHARACTERISTICS
File type text file
Source rdaft
347 ## - DIGITAL FILE CHARACTERISTICS
Encoding format PDF
490 1# - SERIES STATEMENT
Series statement Textos y estudios coloniales y de la independencia ;
Volume/sequential designation vol. 24
504 ## - BIBLIOGRAPHY, ETC. NOTE
Bibliography, etc. note Includes bibliographical references.
588 0# - SOURCE OF DESCRIPTION NOTE
Source of description note Online resource; title from PDF title page (Digitalia, viewed March 9, 2023)
650 #0 - SUBJECT ADDED ENTRY--TOPICAL TERM
Topical term or geographic name entry element Epic poetry, Spanish
General subdivision History and criticism.
650 #0 - SUBJECT ADDED ENTRY--TOPICAL TERM
Topical term or geographic name entry element Spanish poetry
Chronological subdivision Classical period, 1500-1700
General subdivision History and criticism.
651 #0 - SUBJECT ADDED ENTRY--GEOGRAPHIC NAME
Geographic name México
General subdivision History
Chronological subdivision Conquest, 1519-1540.
700 1# - ADDED ENTRY--PERSONAL NAME
Personal name Río Torres-Murciano, Antonio,
Relator term editor,
-- contributor agent of text.
791 2# -
-- Digitalia (Firm),
-- distributor.
793 0# -
-- Digitalia eBook Collection:
-- Iberoamericana/Vervuert
776 08 - ADDITIONAL PHYSICAL FORM ENTRY
Relationship information Print version:
Main entry heading Terrazas, Francisco de, -approximately 1604.
Title Fragmentos de Nuevo mundo y conquista.
Place, publisher, and date of publication Madrid : Iberoamericana ; Frankfurt am Main : Vervuert ; Ciudad de México : UNAM, 2022
International Standard Book Number 9788491922452
830 #0 - SERIES ADDED ENTRY--UNIFORM TITLE
Uniform title Textos y estudios coloniales y de la independencia ;
Volume/sequential designation v. 24.
856 40 - ELECTRONIC LOCATION AND ACCESS
Materials specified Digitalia Hispánica
Uniform Resource Identifier <a href="https://www.digitaliapublishing.com/a/113954/">https://www.digitaliapublishing.com/a/113954/</a>
910 ## - USER-OPTION DATA (OCLC)
User-option data Premium collection: 2023
942 ## - ADDED ENTRY ELEMENTS (KOHA)
Koha item type Recurso Electrónico
Existencias
Withdrawn status Lost status Damaged status Not for loan Collection Home library Current library Date acquired Total checkouts Date last seen Price effective from Koha item type
        Digitalia Ebooks Hispanica Biblioteca Digital UIN Biblioteca Digital UIN 04/25/2025   04/25/2025 04/25/2025 Recurso Electrónico

CONTACTO


NOSOTROS


SITIOS DE INTERES

coordinacion.biblioteca.biblioteca@unienlinea.mx Misión, Visión y Objetivos Bases de datos
Directorio Bibliotecas Digitales y Repositorios
Normatividad Revistas y artículos
Convenios interbibliotecarios
Boletines



Hecho en México. Universidad Insurgentes (UIN). Todos los derechos reservados 2024. Esta página y sus contenidos pueden ser reproducidos con fines no lucrativos, siempre y cuando no se mutile, se cite la fuente completa y su dirección electrónicas. De otra forma requiere permiso previo por escrito de la institución




2024 Copyright Universidad Insurgentes | www.bibliouin.com.mx